[Event "Online Olym Div3 B 2021"]
[Site "chess.com INT"]
[Date "2021.08.29"]
[Round "9.4"]
[Board "1"]
[White "Khairallah, Faisal"]
[Black "Irungu Brian Mwangi"]
[Result "1-0"]
[WhiteTitle "FM"]
[WhiteElo "2247"]
[BlackElo "1374"]
[WhiteTeam "Lebanon"]
[BlackTeam "Kenya"]
[WhiteFideId "4628250"]
[BlackFideId "10815406"]
[EventDate "2021.08.27"]
[EventType "team"]

1. d4 Nf6 2. Bg5 Ne4 3. Bf4 c5 4. f3 Qa5+ 5. c3 Nf6 6. d5 d6 7. e4 Qc7 8. c4 g6
9. Nc3 a6 10. Qd2 Bg7 11. Bh6 O-O 12. h4 e6 13. h5 exd5 14. Bxg7 Kxg7 15. hxg6
fxg6 16. cxd5 Qe7 17. O-O-O b5 18. Nh3 Bxh3 19. Rxh3 Nbd7 20. Kb1 c4 21. Ne2 Nc5
22. Nd4 Rf7 23. Be2 Nfd7 24. Rdh1 Kg8 25. Nc6 Qf6 26. Qd4 Qxd4 27. Nxd4 Ne5 28.
g3 Raf8 29. R3h2 Rg7 30. f4 Ned7 31. Bf3 1-0

[Event "Online Olym Div3 B 2021"]
[Site "chess.com INT"]
[Date "2021.08.29"]
[Round "9.4"]
[Board "2"]
[White "Njoroge, Martin"]
[Black "Antonios, Johnny"]
[Result "1-0"]
[BlackTitle "CM"]
[WhiteElo "1958"]
[BlackElo "2257"]
[WhiteTeam "Kenya"]
[BlackTeam "Lebanon"]
[WhiteFideId "10801952"]
[BlackFideId "5300843"]
[EventDate "2021.08.27"]
[EventType "team"]

1. e4 c5 2. Nf3 e6 3. d4 cxd4 4. Nxd4 Nc6 5. Nc3 Qc7 6. Be3 a6 7. g3 Nf6 8. Bg2
Ne5 9. Nde2 Bc5 10. Bxc5 Qxc5 11. Qd4 Qxd4 12. Nxd4 d6 13. O-O-O Bd7 14. h3 Ke7
15. f4 Nc4 16. Rd3 Rac8 17. Rhd1 Rhd8 18. b3 Na5 19. Kb2 Be8 20. Nde2 b5 21. a3
Bc6 22. Re3 Bb7 23. Bh1 Rc7 24. Red3 Ne8 25. e5 Bxh1 26. exd6+ Nxd6 27. Rxh1
Rdc8 28. Rd4 Nc6 29. Rd2 b4 30. axb4 Nxb4 31. Rhd1 Nb5 32. Nxb5 Rxc2+ 33. Ka3
Nd5 34. Nbd4 R2c5 35. Kb2 Nb4 36. Nc1 Rc3 37. Nd3 Nd5 38. Rc1 Rxc1 39. Nxc1 g6
40. Nd3 h5 41. Rc2 Rb8 42. Nc6+ Kd6 43. Nxb8 Nb4 44. Nxb4 1-0

[Event "Online Olym Div3 B 2021"]
[Site "chess.com INT"]
[Date "2021.08.29"]
[Round "9.4"]
[Board "3"]
[White "Mouradian, Knarik"]
[Black "Mongeli, Sasha"]
[Result "1-0"]
[WhiteTitle "WIM"]
[BlackTitle "WFM"]
[WhiteElo "2121"]
[BlackElo "1574"]
[WhiteTeam "Lebanon"]
[BlackTeam "Kenya"]
[WhiteFideId "5300517"]
[BlackFideId "10809090"]
[EventDate "2021.08.27"]
[EventType "team"]

1. e4 c6 2. d3 d5 3. Nd2 e5 4. Ngf3 Bd6 5. g3 Nf6 6. Bg2 O-O 7. O-O Re8 8. c3 a5
9. Qe2 Nbd7 10. Re1 Qc7 11. Nf1 dxe4 12. dxe4 Nc5 13. Nh4 Be6 14. Bg5 Ncd7 15.
Ne3 g6 16. Qf3 Bf8 17. Bxf6 Nxf6 18. Qxf6 Bg7 19. Qf3 b5 20. Qe2 Red8 21. Nf3
Rd6 22. Ng5 Bd7 23. Red1 h6 24. Nf3 Be6 25. c4 b4 26. Rxd6 Qxd6 27. Rd1 Qe7 28.
Qd2 Kh7 29. b3 Re8 30. h4 Qc7 31. Kh2 1-0

[Event "Online Olym Div3 B 2021"]
[Site "chess.com INT"]
[Date "2021.08.29"]
[Round "9.4"]
[Board "4"]
[White "Madelta Glenda"]
[Black "Nekrasova, Elena"]
[Result "1/2-1/2"]
[BlackTitle "WFM"]
[WhiteElo "1420"]
[BlackElo "2028"]
[WhiteTeam "Kenya"]
[BlackTeam "Lebanon"]
[WhiteFideId "10814949"]
[BlackFideId "14100908"]
[EventDate "2021.08.27"]
[EventType "team"]

1. d4 d5 2. Nc3 Nf6 3. Bf4 a6 4. e3 e6 5. Bd3 c5 6. dxc5 Bxc5 7. Nf3 O-O 8. O-O
Nc6 9. e4 dxe4 10. Nxe4 Nxe4 11. Bxe4 f6 12. Qe2 Qe7 13. Rad1 e5 14. Bd2 Bg4 15.
Qc4+ Be6 16. Bd5 Bxd5 17. Qxd5+ Kh8 18. Rfe1 Rad8 19. Qc4 Bd6 20. Qh4 Qc7 21.
Bc3 Rd7 22. a3 Rfd8 23. Rd2 Na5 24. Bxa5 Qxa5 25. Red1 Qc7 26. c3 Bc5 27. Qc4
Bxf2+ 28. Kxf2 Qxc4 29. Rxd7 Rxd7 30. Rxd7 h6 31. Rd2 b5 32. h3 Kh7 33. Ke1 Qe4+
34. Kf2 Qb1 35. Ne1 Qf5+ 36. Kg1 Qf4 37. Rf2 Qc1 38. Kf1 e4 39. g3 e3 40. Re2 f5
41. Kg2 g5 42. Kf3 f4 43. gxf4 gxf4 44. Kxf4 Qd2 45. Kf3 Qd1 46. Kxe3 Qd5 47.
Kf2 Qf5+ 48. Kg2 Qg5+ 49. Kf3 Qf5+ 50. Kg2 Qg5+ 51. Kf3 Qf5+ 52. Kg2 1/2-1/2

[Event "Online Olym Div3 B 2021"]
[Site "chess.com INT"]
[Date "2021.08.29"]
[Round "9.4"]
[Board "5"]
[White "Boulos, Carlos"]
[Black "Mcligeyo, Robert"]
[Result "1-0"]
[WhiteTitle "CM"]
[WhiteElo "2127"]
[BlackElo "1688"]
[WhiteTeam "Lebanon"]
[BlackTeam "Kenya"]
[WhiteFideId "5302749"]
[BlackFideId "10814647"]
[EventDate "2021.08.27"]
[EventType "team"]

1. e4 Nc6 2. Nc3 e5 3. Nf3 Nf6 4. Bb5 Bc5 5. Nxe5 Bxf2+ 6. Kxf2 Nxe5 7. d4 Neg4+
8. Kg1 O-O 9. h3 Nh6 10. e5 Ne8 11. Qh5 d6 12. Bg5 f6 13. Bc4+ Kh8 14. Bxh6 gxh6
15. Qxh6 Ng7 16. exf6 Rxf6 17. Qd2 Bd7 18. Kh2 Rg6 19. Rhf1 Nh5 20. Rf3 Qh4 21.
Raf1 Ng3 22. Rf8+ Rg8 23. R1f4 Qg5 24. Rxa8 Nf1+ 25. Bxf1 Qg3+ 26. Kh1 Rxa8 27.
Qf2 Qg7 28. Rf7 1-0

[Event "Online Olym Div3 B 2021"]
[Site "chess.com INT"]
[Date "2021.08.29"]
[Round "9.5"]
[Board "1"]
[White "Ahmed, Ali Layth Ahmed"]
[Black "Calicoca, Wilton Inacio"]
[Result "1-0"]
[WhiteTitle "FM"]
[BlackTitle "FM"]
[WhiteElo "2253"]
[BlackElo "2119"]
[WhiteTeam "Iraq"]
[BlackTeam "Mozambique"]
[WhiteFideId "4801920"]
[BlackFideId "14800268"]
[EventDate "2021.08.27"]
[EventType "team"]

1. d4 d5 2. c4 Nf6 3. Nc3 e6 4. cxd5 exd5 5. Bg5 c6 6. e3 Bd6 7. Bd3 Be6 8. Qc2
Nbd7 9. Nf3 h6 10. Bh4 g5 11. Bg3 Qc7 12. a3 g4 13. Nh4 O-O-O 14. O-O Nh5 15.
Nb5 cxb5 16. Bxd6 Qxc2 17. Bxc2 Nb8 18. Be5 f6 19. Bxb8 Kxb8 20. Bd3 a6 21. Rac1
Rc8 22. Nf5 Rc7 23. Rc5 Rxc5 24. dxc5 Rc8 25. b4 Rd8 26. Nd4 Bd7 27. Rc1 Ng7 28.
Kf1 Bc6 29. Ke2 Re8 30. f3 h5 31. Kd2 Ne6 32. Bg6 Nxd4 33. exd4 Rh8 34. Re1 gxf3
35. gxf3 Rg8 36. Bf5 Rg2+ 37. Re2 Rg1 38. Kc3 Rf1 39. Re3 Rf2 40. h3 Ra2 41. Kb3
Rf2 42. Be6 Ka7 43. Bf7 Rh2 44. Bxh5 Rxh3 45. Bg4 Rg3 46. Bf5 Kb8 47. Kc3 Ka7
48. Kd3 Rg2 49. Re2 Rg1 50. Rc2 Rf1 51. Ke3 Ra1 52. Rc3 Kb8 53. Kf4 Kc7 54. Re3
Kd8 55. Bg4 Rd1 56. Kf5 Rxd4 57. Kxf6 Rd2 58. Re6 d4 59. Rd6+ Kc7 60. f4 d3 61.
Bf5 Rf2 62. Rxd3 Rxf4 63. Ke5 Rf2 64. Rg3 Rd2 65. Rg7+ Kb8 66. Rg3 Kc7 67. Rg7+
Kb8 68. Rg8+ Ka7 69. Rg3 Kb8 70. Re3 a5 71. bxa5 Rd5+ 72. Ke6 Rxc5 73. Rd3 1-0

[Event "Online Olym Div3 B 2021"]
[Site "chess.com INT"]
[Date "2021.08.29"]
[Round "9.5"]
[Board "2"]
[White "Jamal, Hamid Harmon Gulamo"]
[Black "Ismael, Namir Mohammed Ismael"]
[Result "0-1"]
[BlackTitle "CM"]
[WhiteElo "1495"]
[BlackElo "2122"]
[WhiteTeam "Mozambique"]
[BlackTeam "Iraq"]
[WhiteFideId "14801221"]
[BlackFideId "4800800"]
[EventDate "2021.08.27"]
[EventType "team"]

1. e4 c5 2. Nf3 Nc6 3. Bb5 g6 4. Bxc6 dxc6 5. h3 Bg7 6. e5 Nh6 7. O-O Nf5 8. Nc3
Nd4 9. Re1 O-O 10. d3 h6 11. Ne4 b6 12. c3 Nxf3+ 13. Qxf3 Be6 14. Bf4 a5 15. a3
Ra7 16. Rad1 Rd7 17. h4 Qc8 18. Rd2 Rd5 19. c4 Rd4 20. Be3 Rdd8 21. Qg3 Bf5 22.
Bf4 Qe6 23. Qe3 Kh7 24. Ng3 Rd4 25. f3 Rfd8 26. Red1 Rxf4 27. Qxf4 Bxe5 28. Re2
Bxf4 29. Rxe6 Bxe6 30. Ne4 Bxc4 31. Kf2 Rxd3 32. Rb1 f5 33. Nc3 Rd2+ 34. Kg1 Be5
35. Na4 b5 36. Nxc5 Bd4+ 0-1

[Event "Online Olym Div3 B 2021"]
[Site "chess.com INT"]
[Date "2021.08.29"]
[Round "9.5"]
[Board "3"]
[White "Al-Fayyadh, Zainab Asif Abdulah"]
[Black "Sitoe, Cheila Andre"]
[Result "1-0"]
[BlackTitle "WCM"]
[WhiteElo "1658"]
[BlackElo "1588"]
[WhiteTeam "Iraq"]
[BlackTeam "Mozambique"]
[WhiteFideId "4806476"]
[BlackFideId "14800780"]
[EventDate "2021.08.27"]
[EventType "team"]

1. e4 e5 2. Nf3 d6 3. Bc4 Be7 4. O-O Nf6 5. Nc3 Bg4 6. h3 Bh5 7. Be2 a6 8. d4
exd4 9. Nxd4 Bxe2 10. Qxe2 Nbd7 11. Nf5 O-O 12. Qf3 Ne5 13. Qg3 Ng6 14. Bg5 Re8
15. Rfe1 Bf8 16. Nd5 c6 17. Nxf6+ gxf6 18. Bf4 Kh8 19. Bxd6 Bxd6 20. Qxd6 Qxd6
21. Nxd6 Re7 22. Rad1 Nf4 23. Nf5 Rc7 24. Kh2 Rg8 25. g3 Ng6 26. Rd6 Ne5 27. Re3
Nc4 28. Rxf6 Nxe3 29. Nxe3 Rg6 30. Rf5 Kg7 31. Nc4 Rf6 32. Rg5+ Kh6 33. f4 Rg6
34. Rf5 Kg7 35. Ne3 Rd7 36. h4 Rd2+ 37. Kh3 Re2 38. h5 Rd6 39. Nc4 Rd4 40. Ne5
Rdxe4 41. Rxf7+ Kg8 42. Rxb7 Rxc2 43. h6 Re3 44. Rb8# 1-0

[Event "Online Olym Div3 B 2021"]
[Site "chess.com INT"]
[Date "2021.08.29"]
[Round "9.5"]
[Board "4"]
[White "Curia, Joana"]
[Black "Jalaluldeen, Kareen Kamal J."]
[Result "0-1"]
[BlackTitle "WFM"]
[WhiteElo "1492"]
[BlackElo "1780"]
[WhiteTeam "Mozambique"]
[BlackTeam "Iraq"]
[WhiteFideId "14800454"]
[BlackFideId "4801776"]
[EventDate "2021.08.27"]
[EventType "team"]

1. e3 d5 2. h3 c5 3. b3 Nc6 4. Bb2 Bf5 5. Bb5 e6 6. Bxc6+ bxc6 7. Ne2 Nf6 8. O-O
Bd6 9. f4 h6 10. Ng3 Bh7 11. a4 O-O 12. Nc3 Rb8 13. Rc1 c4 14. Rf3 cxb3 15. cxb3
c5 16. Ba1 Qb6 17. Nb5 Be7 18. Rc3 a6 19. Na3 Ne4 20. Rd3 f6 21. Rc3 Nxc3 22.
Bxc3 Qxb3 23. Qxb3 Rxb3 24. f5 Rxa3 25. fxe6 Rxa4 26. Rf1 Rb8 27. Ne2 Rb1 28.
Nf4 Rxf1+ 29. Kxf1 d4 30. exd4 cxd4 31. Bb2 Rb4 32. Nd5 Rxb2 33. Nxe7+ Kf8 34.
Nd5 Rxd2 35. e7+ Ke8 36. Nc7+ Kxe7 37. Nxa6 d3 38. Nc5 Kd6 39. Nb3 Rb2 40. g3
Rxb3 0-1

[Event "Online Olym Div3 B 2021"]
[Site "chess.com INT"]
[Date "2021.08.29"]
[Round "9.5"]
[Board "5"]
[White "Rabeea, Sabah Nori"]
[Black "Vasco, Mateus Felizardo Viageiro"]
[Result "1-0"]
[WhiteTitle "FM"]
[WhiteElo "2009"]
[BlackElo "1862"]
[WhiteTeam "Iraq"]
[BlackTeam "Mozambique"]
[WhiteFideId "4806212"]
[BlackFideId "14800403"]
[EventDate "2021.08.27"]
[EventType "team"]

1. d4 Nf6 2. Nf3 e6 3. c4 b6 4. Nbd2 Bb7 5. e3 Be7 6. Bd3 O-O 7. O-O d5 8. Qc2
c5 9. cxd5 exd5 10. b3 Nc6 11. Bb2 Rc8 12. Bf5 Rc7 13. Rac1 g6 14. Bd3 Nb4 15.
Qb1 Nxd3 16. Qxd3 Ne4 17. dxc5 1-0